<?xml version="1.0" encoding="UTF-8"?><?xml-stylesheet type="text/xsl" href="static/style.xsl"?><OAI-PMH xmlns="http://www.openarchives.org/OAI/2.0/" xmlns:xsi="http://www.w3.org/2001/XMLSchema-instance" xsi:schemaLocation="http://www.openarchives.org/OAI/2.0/ http://www.openarchives.org/OAI/2.0/OAI-PMH.xsd"><responseDate>2026-04-13T15:15:43Z</responseDate><request verb="GetRecord" identifier="oai:www.recercat.cat:2445/67540" metadataPrefix="marc">https://recercat.cat/oai/request</request><GetRecord><record><header><identifier>oai:recercat.cat:2445/67540</identifier><datestamp>2025-12-05T12:54:18Z</datestamp><setSpec>com_2072_1057</setSpec><setSpec>col_2072_478817</setSpec><setSpec>col_2072_478917</setSpec></header><metadata><record xmlns="http://www.loc.gov/MARC21/slim" xmlns:dcterms="http://purl.org/dc/terms/" xmlns:xsi="http://www.w3.org/2001/XMLSchema-instance" xmlns:doc="http://www.lyncode.com/xoai" xsi:schemaLocation="http://www.loc.gov/MARC21/slim http://www.loc.gov/standards/marcxml/schema/MARC21slim.xsd">
   <leader>00925njm 22002777a 4500</leader>
   <datafield ind2=" " ind1=" " tag="042">
      <subfield code="a">dc</subfield>
   </datafield>
   <datafield ind2=" " ind1=" " tag="720">
      <subfield code="a">Martínez Celdrán, Eugenio</subfield>
      <subfield code="e">author</subfield>
   </datafield>
   <datafield ind2=" " ind1=" " tag="260">
      <subfield code="c">2015-10-29T17:21:16Z</subfield>
   </datafield>
   <datafield ind2=" " ind1=" " tag="260">
      <subfield code="c">2015-10-29T17:21:16Z</subfield>
   </datafield>
   <datafield ind2=" " ind1=" " tag="260">
      <subfield code="c">2015</subfield>
   </datafield>
   <datafield ind2=" " ind1=" " tag="260">
      <subfield code="c">2015-10-29T17:21:16Z</subfield>
   </datafield>
   <datafield ind2=" " ind1=" " tag="520">
      <subfield code="a">When RAE (2011:174) deals with the phoneme /ʝ/, it says that is a voiceless fricative sound. The CD that goes with the Fónetica y Fonología states that the consonant /ʝ/ is usually produced as a fricative prepalatal. And the allowed variants (besides the fricative) are an affricate variant and a non-fricative variant that they transcribe as /ɟ/. Navarro Tomás (1946: 9) said, «the y from mayo, with a smooth, affricate or rehilante pronunciation constitutes a single phonological unit». In this statement Navarro Tomás does not use the term «fricative» but he speaks of «smooth» and «rehilantes» variants. In previous work about fricatives (1943) he maintained that fricatives are sounds that have «rehilamiento» (what has been called in English tradition a turbulent airstream); thus, the rehilantes are the fricatives and what we call nowadays approximants are smooth consonants. He admitted that the consonant 'ye' could have those three allophones.The aim of this paper is to prove both that the approximant variant exists and that is the most used allophone. In order to do so, we use a method that measures the existing noise in the sound production in a special way. It is known as zero-crossing. The final conclusion confirms the hypothesis: the more usual production of the Spanish consonant 'ye' is approximant and palatal.</subfield>
   </datafield>
   <datafield tag="653" ind2=" " ind1=" ">
      <subfield code="a">Castellà (Llengua)</subfield>
   </datafield>
   <datafield tag="653" ind2=" " ind1=" ">
      <subfield code="a">Consonants</subfield>
   </datafield>
   <datafield tag="653" ind2=" " ind1=" ">
      <subfield code="a">Fonètica</subfield>
   </datafield>
   <datafield tag="653" ind2=" " ind1=" ">
      <subfield code="a">Spanish language</subfield>
   </datafield>
   <datafield tag="653" ind2=" " ind1=" ">
      <subfield code="a">Consonnes</subfield>
   </datafield>
   <datafield tag="653" ind2=" " ind1=" ">
      <subfield code="a">Phonetics</subfield>
   </datafield>
   <datafield ind2="0" ind1="0" tag="245">
      <subfield code="a">Naturaleza de la consonante 'ye' en español.</subfield>
   </datafield>
</record></metadata></record></GetRecord></OAI-PMH>